Normal view
MARC view
- Fridtjof Nansen-stiftelsen på Polhøgda.
Entry Corporate Name
001 - CONTROL NUMBER
- control field: 5769
003 - CONTROL NUMBER IDENTIFIER
- control field: NUST
005 - DATE AND TIME OF LATEST TRANSACTION
- control field: 20171031124947.0
008 - FIXED-LENGTH DATA ELEMENTS
- fixed length control field: 171031|| aca||aabn | a|a d
040 ## - CATALOGING SOURCE
- Original cataloging agency: NUST
- Transcribing agency: NUST
110 ## - HEADING--CORPORATE NAME
- Corporate name or jurisdiction name as entry element: Fridtjof Nansen-stiftelsen på Polhøgda.
670 ## - SOURCE DATA FOUND
- Source citation: Work cat.: (NUST)0: Yearbook of international co-operation on environment and development :, c1998.
